Statistiques concernant Les 50 plus grandes aires urbaines françaises

Cliquez ici pour prendre le quiz!

Statistiques générales

  • Ce quiz a été pris 185 fois
  • Le résultat moyen est 37 sur 50

Statistiques - réponses

HintRéponse% Correct
1,75MMarseille
100%
12,5MParis
100%
2,29MLyon
99%
1,00MNice
99%
1,18MLille
98%
780KStrasbourg
98%
1,21MBordeaux
97%
949KNantes
97%
719KRennes
97%
1,33MToulouse
97%
318KBrest
93%
599KMontpellier
90%
433KOrléans
88%
515KSaint-Etienne
88%
418KCaen
87%
690KGrenoble
86%
435KNancy
85%
492KTours
85%
384KDijon
84%
322KReims
84%
389KMetz
83%
413KAngers
82%
479KClermont-Ferrand
82%
290KLe Havre
82%
663KRouen
82%
283KLimoges
80%
622KToulon
80%
320KPerpignan
78%
295KAmiens
76%
214KLa Rochelle
74%
285KMulhouse
74%
266KNimes
73%
260KPoitiers
73%
234KAnnecy
71%
347KLe Mans
71%
250KBesançon
68%
243KPau
66%
527KAvignon
63%
297KBayonne
63%
217KLorient
63%
202KSaint-Denis
55%
257KDunkerque
53%
223KChambéry
50%
194KTroyes
47%
370KValenciennes
47%
219KSaint-Nazaire
39%
370KBéthune
33%
539KDouai-Lens
29%
313KPointe-à-Pitre
22%
227KMamoudzou
16%

Distribution des résultats

Percentile par nombre de réponses

% des personnes avec chaque résultat

Votre développement - résultats

Vous n’avez pas pris ce quiz